[Event "Asia-ch Amateur"]
[Site "Muscat"]
[Date "2022.09.29"]
[Round "1"]
[White "Velavaa, Ragavesh"]
[Black "Humaid Abdulla, Alzahmi"]
[Result "1-0"]
[WhiteElo "1698"]
[BlackElo "1074"]
[PlyCount "65"]
[EventDate "2022.09.29"]
[EventType "swiss"]
[EventRounds "9"]
[EventCountry "OMN"]
[SourceTitle "CBM 210 Extra"]
[Source "ChessBase"]
[SourceDate "2022.11.30"]
[SourceVersion "1"]
[SourceVersionDate "2022.11.30"]
[SourceQuality "1"]

1. e4 e5 2. Nf3 Nc6 3. d4 exd4 4. Nxd4 Bc5 5. Be3 Qf6 6. c3 Nge7 7. Bc4 0-0 8. 0-0 b6 9. f4 Bb7 10. Be2 Rfe8 11. Bf3 d6 12. Kh1 Rad8 13. Qd2 h6 14. b4 Bxd4 15. cxd4 a6 16. a3 b5 17. Nc3 Na7 18. e5 dxe5 19. fxe5 Qb6 20. d5 c5 21. Bxc5 Qc7 22. Bxa7 Bxd5 23. Nxd5 Nxd5 24. Bxd5 Rxe5 25. Bxf7+ Kh8 26. Qf2 Rf8 27. Bc5 Rh5 28. h3 Rxf7 29. Qxf7 Qe5 30. Rae1 Qg5 31. Re8+ Kh7 32. Qg8+ Kg6 33. Re6+ 1-0